000 00619nam a2200205 a 4500
001 000710225
003 AM-YeHGA
005 20250617142725.0
008 100202s1947 enk r 000 0 eng d
040 _aAM-YeHGA
041 0 _aeng
245 0 0 _aAspects of British art /
_cIntrod. by Michael Ayrton ; Ed. by W. J. Turner.
260 _aLondon :
_bCollins,
_c1947.
300 _a324 p. :
_bill. (some col.).
504 _aIncludes bibliogr. references : (p. 313-314) and index
650 1 4 _aArt, British
700 1 _aTurner, Walter James,
_d1889-1916,
_4edt
700 1 _aAyrton, Michael
_4aui
090 _c264237
999 _c262612
_d262612